Jalan menuju syurga
| Main Author: | |
|---|---|
| Format: | Book |
| Published: |
Kuala Lumpur :
Thinker's Library ,
2001
|
| Subjects: |
MARC
| LEADER | 00000cam a2200000 7i4500 | ||
|---|---|---|---|
| 001 | 0000014404 | ||
| 005 | 20050625.0 | ||
| 040 | |a INS | ||
| 090 | 0 | 0 | |a BP173.4. |b A12 2001 |
| 100 | 0 | |a Al-Habib Alwy Al-Haddad | |
| 245 | 0 | 0 | |a Jalan menuju syurga |c Al-Habib Alwy Al-Haddad |
| 260 | |a Kuala Lumpur : |b Thinker's Library , |c 2001 | ||
| 300 | |a 167p ; |c 20cm. | ||
| 650 | 0 | 0 | |a Heaven (Islam) |
| 650 | 0 | 0 | |a Paradise (Islam) |
| 999 | |a 0000008907 |b BOOK |c Open Shelf |e Default branch | ||